000 00703cam a22002413a 4500
001 15365
003 PGUSA
005 20140828083329.0
008 050314s2005||||xxu|||||s|||||000 | eng d
040 _aPGUSA
_beng
042 _adc
050 4 _aRC
245 1 2 _aA Psychiatric Milestone :
_bBloomingdale Hospital Centenary, 1821-1921
_h[electronic resource]
260 _bProject Gutenberg,
_c2005
506 _aPublic domain in the USA.
516 _aElectronic text
653 _aBloomingdale Asylum for the Insane
653 _aMental illness
700 1 _aNew York Hospital. Society
830 0 _aProject Gutenberg
_v15365
856 4 0 _uhttp://www.gutenberg.org/ebooks/15365
942 _cEB
999 _c244620
_d244620